The Future of Radioactive Waste Governance : Lessons from Europe.

Bibliographic Details
Main Author: Arentsen, Maarten.
Other Authors: van Est, Rinie.
Format: eBook
Language:English
Published: Wiesbaden : Springer Vieweg. in Springer Fachmedien Wiesbaden GmbH, 2023.
Edition:1st ed.
Series:Energiepolitik und Klimaschutz. Energy Policy and Climate Protection Series
Subjects:
Online Access:Click to View
LEADER 01749nam a22003973i 4500
001 EBC7236572
003 MiAaPQ
005 20231204023228.0
006 m o d |
007 cr cnu||||||||
008 231204s2023 xx o ||||0 eng d
020 |a 9783658404963  |q (electronic bk.) 
020 |z 9783658404956 
035 |a (MiAaPQ)EBC7236572 
035 |a (Au-PeEL)EBL7236572 
035 |a (OCoLC)1378933685 
040 |a MiAaPQ  |b eng  |e rda  |e pn  |c MiAaPQ  |d MiAaPQ 
050 4 |a JN1-9692.2 
100 1 |a Arentsen, Maarten. 
245 1 4 |a The Future of Radioactive Waste Governance :  |b Lessons from Europe. 
250 |a 1st ed. 
264 1 |a Wiesbaden :  |b Springer Vieweg. in Springer Fachmedien Wiesbaden GmbH,  |c 2023. 
264 4 |c Ã2023. 
300 |a 1 online resource (356 pages) 
336 |a text  |b txt  |2 rdacontent 
337 |a computer  |b c  |2 rdamedia 
338 |a online resource  |b cr  |2 rdacarrier 
490 1 |a Energiepolitik und Klimaschutz. Energy Policy and Climate Protection Series 
588 |a Description based on publisher supplied metadata and other sources. 
590 |a Electronic reproduction. Ann Arbor, Michigan : ProQuest Ebook Central, 2023. Available via World Wide Web. Access may be limited to ProQuest Ebook Central affiliated libraries.  
655 4 |a Electronic books. 
700 1 |a van Est, Rinie. 
776 0 8 |i Print version:  |a Arentsen, Maarten  |t The Future of Radioactive Waste Governance  |d Wiesbaden : Springer Vieweg. in Springer Fachmedien Wiesbaden GmbH,c2023  |z 9783658404956 
797 2 |a ProQuest (Firm) 
830 0 |a Energiepolitik und Klimaschutz. Energy Policy and Climate Protection Series 
856 4 0 |u https://ebookcentral.proquest.com/lib/matrademy/detail.action?docID=7236572  |z Click to View